Flagi państw na literę L - Statystyki

Ogólne statystyki
  • Ten quiz został rozwiązany 10 591 razy
  • Średni wynik to 7 z 8
Statystyki odpowiedzi
Obrazkowy Odpowiedź % Poprawnych
Litwa
100%
Liechtenstein
97%
Luksemburg
96%
Liban
91%
Libia
91%
Laos
89%
Liberia
82%
Lesotho
77%
Nie znaleziono quizów pasujących do podanych kryteriów
Rozkład punktacji
Procent ludzi z każdym wynikiem
Percentyl według liczby udzielonych odpowiedzi
Twoja historia wyników
Nie rozwiązałeś tego quizu